|
|
|
|
| LEADER |
00000nab a2200000 a 4500 |
| 001 |
vtls009301636 |
| 003 |
SK-MaSNL |
| 005 |
20260304152511.0 |
| 008 |
250506c2008 xo qr|p|||||||000 b|slo |
| 015 |
|
|
|a SNBRB2008/06
|2 snkbucl
|
| 035 |
|
|
|a (uuid)b97c2845-dc57-4ac2-9418-f5d212164c25
|
| 035 |
|
|
|a urn:nbn:sk:snk-ab293i
|
| 035 |
|
|
|a (urnnbn)urn:nbn:sk:snk:ar-a01z2d
|
| 038 |
|
|
|a SNKBUCL
|
| 040 |
|
|
|a SNKBUCL
|b slo
|c SNKBUCL
|e AACR2
|
| 041 |
0 |
|
|a slo
|
| 044 |
|
|
|a xo
|c SK
|
| 080 |
|
|
|a 349:336.22
|2 2001
|
| 080 |
|
|
|a 336.22
|2 2001
|
| 100 |
1 |
|
|a Maxima, Ľuboš
|4 aut
|9 1474845
|
| 245 |
1 |
0 |
|a Pauličková, A., Malý slovník daňového práva
|c Ľuboš Maxima
|
| 650 |
0 |
7 |
|a daňové právo
|2 snkbucl
|9 29463
|
| 650 |
0 |
7 |
|a výkladový slovník
|2 snkbucl
|9 612497
|
| 655 |
|
7 |
|a recenzie
|2 snkbucl
|9 21907
|
| 773 |
0 |
|
|t Právny obzor
|g Roč. 91, č. 3 (2008), s. 249
|x 0032-6984
|
| 787 |
0 |
8 |
|i Rec.:
|a Pauličková, A.
|t Malý slovník daňového práva
|d Bratislava : EUROUNION, 2006
|z 8088984912
|
| 850 |
|
|
|a Slovenská národná knižnica
|
| 852 |
|
|
|a Slovenská národná knižnica
|
| 954 |
|
|
|a odborná, vedecká literatúra pôvodná (slovenská)
|2 lita
|
| 958 |
|
|
|a article27
|
| 958 |
|
|
|a SK
|
| 958 |
|
|
|a OND
|
| 958 |
|
|
|a EUIPO
|
| 999 |
|
|
|c 2949398
|d 2951328
|